Normal view
MARC view
Entry Topical Term
001 - CONTROL NUMBER
- control field: 15747
003 - CONTROL NUMBER IDENTIFIER
- control field: OSt
005 - DATE AND TIME OF LATEST TRANSACTION
- control field: 20260427134012.0
008 - FIXED-LENGTH DATA ELEMENTS
- fixed length control field: 260427|| aca||aabn | a|a d
040 ## - CATALOGING SOURCE
- Original cataloging agency: OSt
- Transcribing agency: OSt
150 ## - HEADING--TOPICAL TERM
- Topical term or geographic name entry element: World War, 1939-1945
- General subdivision: Influence
670 ## - SOURCE DATA FOUND
- Source citation: Work cat.: (OSt)5831: Flores, Patrick D., author. 15314, Art after war, 1948-1969 /
